000 00859nam a2200313 a 4500
001 46850
003 BD-RjUL
005 20211209054221.0
008 160804s1969 ilu b 001 0 eng
035 _a(BD-RjUL) 46969
035 _a(OCoLC)00024081
035 _aGLIS00499358
040 _aDLC
_cDLC
_dm.c.
_dRCD
_dBD-RjUL
_beng
041 _aeng
082 _223
_a352.367
_bCAA 1969
090 _aJF1351
_b.C133
099 _aJF1351.C133
100 1 _aCaiden, Gerald E.
_9142726
245 1 0 _aAdministrative reform
_cby Gerald E. Caiden.
260 _aChicago :
_bAldine Pub. Co,
_c1969
300 _axv, 239 p.
_c24 cm.
500 _aIncludes index.
504 _aBibliography: p. 213-234.
650 0 _aPublic administration.
_9142727
650 0 _aManagement.
_9142728
942 _2ddc
_cBK
949 _aMYGD
_aMYGR
999 _c46850
_d46850